Sports Quiz

Random Sports or NBA Quiz

Big 4 Who's Won More Championships? Quiz Stats

 Plays Quiz Updated Jun 16, 2021

Support Sporcle.
Go Orange.
Score 0/30 Timer 10:00
0 Plays Today
A vs. B Team w/ More Championships % Correct
St. Louis Cardinals vs. Los Angeles Lakers???
95.7%
Detroit Pistons vs. Washington Wizards???
88.3%
New England Patriots vs. Anaheim Ducks???
85.5%
Golden State Warriors vs. Chicago Cubs???
85.1%
Chicago Bulls vs. Dallas Cowboys???
80.6%
New York Yankees vs. Boston Celtics???
80%
Utah Jazz vs. Los Angeles Rams???
79.1%
Kansas City Royals vs. Minnesota Vikings???
77%
San Antonio Spurs vs. Chicago Blackhawks???
76.9%
San Francisco/NY Giants vs. Pittsburgh Pirates???
76.5%
Denver Broncos vs. Arizona Cardinals???
76%
Pittsburgh Steelers vs. Green Bay Packers???
74.3%
Atlanta Braves vs. Boston Red Sox???
72.9%
Baltimore Orioles vs. Portland Trail Blazers???
72.9%
Detroit Red Wings vs. Montreal Canadiens???
72.2%
A vs. B Team w/ More Championships % Correct
New York Rangers vs. San Francisco 49ers???
70.8%
Atlanta Hawks vs. Miami Dolphins???
69.6%
Florida Panthers vs. Calgary Flames???
67.4%
Vancouver Canucks vs. Florida Marlins???
67.1%
Chicago Bears vs. New York Giants???
65.5%
Cincinnati Reds vs. Philadelphia Phillies???
64.5%
Oakland Athletics vs. Las Vegas Raiders???
61.4%
Philadelphia 76ers vs. Houston Rockets???
60.3%
Toronto Maple Leafs vs. Los Angeles Dodgers???
59.8%
Dallas Mavericks vs. Colorado Avalanche???
57.7%
Seattle Supersonics vs. Phoenix Suns???
57.4%
Indianapolis Colts vs. Washington Football Team???
57.1%
Pittsburgh Penguins vs. New Jersey Devils???
55.8%
Edmonton Oilers vs. Boston Bruins???
54%
New Jersey Devils vs. Detroit Tigers???
52.1%

You're not logged in!

Compare scores with friends on all Sporcle quizzes.
OR
Log In

From the Vault

1-10 Letter N Words

by sproutcm

This is language fun to the Nth degree.
Remove Ads.
Support Sporcle.
Get the best of Sporcle when you Go Orange. This ad-free experience offers more features, more stats, and more fun while also helping to support Sporcle. Thank you for becoming a member.

Show Comments

Extras

Top Quizzes Today


Score Distribution

Your Account Isn't Verified!

In order to create a playlist on Sporcle, you need to verify the email address you used during registration. Go to your Sporcle Settings to finish the process.

Report this User

Report this user for behavior that violates our Community Guidelines.

Details: